African Countries With the Most English Speakers - Statistics

General Stats
  • This quiz has been taken 26 times
  • The average score is 8 of 10
Answer Stats
# Country % % Correct
46.4m Kenya 80
100%
64.4m Nigeria 27
100%
21.3m South Africa 33
100%
6.9m Tanzania 10
88%
38.3m Egypt 32
84%
30.3m Uganda 58
84%
14.6m Ghana 41
80%
5.1m Morocco 13
72%
5.1m Zimbabwe 30
72%
10.4m Cameroon 34
68%
No matching quizzes found
Score Distribution
Percent of People with Each Score
Percentile by Number Answered
Your Score History
You have not taken this quiz